1679 1247 1022 1045 1002 1083 1104 1393 1976 1611 1972 1111 1961 1439 1303 1242 1037 1908 1901 1085 1669 1337 1617 1927 1308 1463 1734 1317 1814 1598 1776 1100 1329 1874 1961 1132 1127 1402 1199 1336 1868 1788 1372 1296 1862 1304 1733 1451 1411 1291 1284 1000 1894 1155 1733 1601 1290 1202 1494 1849 1392 1994 1557 1186 1770 1340 1902 1466 1744 1888 1113 1077 1878 1065 1778 1728 1067 1294 1166 1593 1959 1991 1273 1656 1078 1494 1033 1595 1852 1281 1576 1799 1731 1268 1575 1833 1794 1395 1280 BCNSPRNW ULIB Ver.6.0+V

เปลี่ยนเป็นภาษาไทย

Change to English
 แสดงรายละเอียดบรรณานุกรม
  กลับหน้าหลัก

Brief Record : Get Marc (ISO 2709) : E-mail record : QR code < ปิดหน้าต่าง
LEADER : 00000nam 2200000uu 4500
001    13399114335
003     ULIB
008    120322s2553||||th 000 0 tha d
020    ^a9786167349046
090    ^aนว.^bม721U 2553
100 0  ^aMagician is Doll
245 00 ^aนายกะล่อนขออ้อนรัก/^cMagician is Doll
250    ^aพิมพ์ครั้งที่ 1
260    ^aกรุงเทพฯ :^bแจ่มใส,^c2553
300    ^a240 หน้า
710 1  ^aแจ่มใส
945    ^p180^l0^i17082
995    ^aกัณชพร
999    ^aใช้งานได้ทุกระบบ
รายการนี้ยังไม่มีแท็ก
คุณยังไม่ได้ล็อกอิน คุณสามารถมีกิจกรรมร่วมกับเว็บไซต์ได้ แต่ต้องล็อกอินก่อน ::
  ล็อกอิน

รายการสื่อสารสนเทศ

ลำดับที่ ประเภท เลขเรียก/บาร์โค้ด สถานที่ สถานะ
1. นวนิยาย
นวนิยาย
นว. ม721U 2553  
  Barcode: 17082
ห้องสมุดวิทยาเขตสวรรค์ประชารักษ์
►นวนิยาย
บนชั้น
  ขอยืม

BibComment


ยังไม่เคยถูกคอมเมนท์

คอมเมนท์ทรัพยากรรายการนี้
  คอมเมนท์: นายกะล่อนขออ้อนร..


 Copyright 2026. Bcnsprnw @Library